Normal view
MARC view
Entry Topical Term
001 - CONTROL NUMBER
- control field: 24921
003 - CONTROL NUMBER IDENTIFIER
- control field: ARRUPE
005 - DATE AND TIME OF LATEST TRANSACTION
- control field: 20160812095804.0
008 - FIXED-LENGTH DATA ELEMENTS
- fixed length control field: 160812|| aca||aabn | a|a d
040 ## - CATALOGING SOURCE
- Original cataloging agency: ARRUPE
- Transcribing agency: ARRUPE
150 ## - HEADING--TOPICAL TERM
- Topical term or geographic name as entry element: Hebrew language
- General subdivision: Syntax
- General subdivision: Key
670 ## - SOURCE DATA FOUND
- Source citation: Work cat.: (ARRUPE)0: Davidson, A. B. (Andrew Bruce), 1831-1902. 24920, An introductory Hebrew grammar :, 1967